000 00535nam a2200217 a 4500
001 nice12345678
003 IN_TiNIC
005 20260116011730.0
008 050524s1970 boma grp 000 0 urd
020 _a
_c100
082 0 0 _a823.4
_bBUN1
100 _aBunyan, John
245 _aMasihi Musafir
_bPilgrims Progress
260 _aBombay
_bGospel Literature Service
_c1970
300 _a193p
500 _aincludes index and biblioraphy
650 _aLiterature-Christian
902 _bSRS
942 _cBK
999 _c3580
_d3580